Input output and marketing : proceedings of the 1977 London Conference and the 1979 Toledo Ohio Workshop /

Bibliographic Details
Other Authors: Gielnik, S. J., Gossling, W. F.
Format: Book
Language:English
Published: London : Input-Output Pub. Co. : 1980.
Series:I.-O.P.C. conference series ; no. 4.
Subjects:

MARC

Tag First Indicator Second Indicator Subfields
LEADER 00000cam a2200000 a 4500
001 in00000087917
005 20151008063051.0
008 801017s1980 enka b 10100 eng d
010 |a  80065742  
020 |z 0904870154 : ((pbk.)) 
020 |a 0904870146 
035 |a (OCoLC)06834496 
035 |9 AAK1514AM 
040 |a WTU  |c WTU  |d m.c.  |d TXA  |d UtOrBLW 
049 |a TXAM  |c [1655696] 
090 |a HF5415  |b .I66 
245 0 0 |a Input output and marketing :  |b proceedings of the 1977 London Conference and the 1979 Toledo Ohio Workshop /  |c edited by S.J. Gielnik and W.F. Gossling. 
264 1 |a London :  |b Input-Output Pub. Co. :  |c 1980. 
264 2 |a London :  |b Distributed in U.S.A. & Canada by A.M. Kelley, 
300 |a xxx, 353 pages :  |b illustrations (some color) ;  |c 22 cm. 
336 |a text  |b txt  |2 rdacontent 
337 |a unmediated  |b n  |2 rdamedia 
338 |a volume  |b nc  |2 rdacarrier 
490 1 |a I.-O.P.C. conference series ;  |v v. 4 
500 |a Includes indexes. 
504 |a Bibliography: pages 302-325. 
650 0 |a Marketing  |v Congresses. 
650 0 |a Marketing research  |v Congresses. 
700 1 |a Gielnik, S. J. 
700 1 |a Gossling, W. F. 
830 0 |a I.-O.P.C. conference series ;  |v no. 4. 
999 |a MARS 
999 f f |s dc3e11a2-a17c-3caf-98d3-e20e63c26b6f  |i 9f7048b1-b5bb-34bc-abf9-083a3f08effc  |t 0 
952 f f |p ric  |a Texas A&M University  |b Rellis Campus  |c Joint Library Facility  |d Remote Storage  |t 0  |e HF5415 .I66  |h Library of Congress classification  |i unmediated -- volume  |m A14805973873 
998 f f |a HF5415 .I66  |t 0  |l Remote Storage